[Event "Sparkassen-Open A"]
[Site "Heusenstamm, Martinsee"]
[Date "2023.11.23"]
[Round "1.29"]
[White "Prill, Daniel"]
[Black "von Beckh, Frieda"]
[Result "1-0"]
[WhiteElo "2182"]
[BlackElo "1614"]
[PlyCount "51"]
[EventDate "2023.??.??"]
[WhiteTeam "SC Heitersheim"]
[BlackTeam "SC Eschborn 1974"]

1. d4 d5 2. Nf3 Nf6 3. e3 Bf5 4. c4 e6 5. Nc3 c5 6. Qb3 b6 7. cxd5 exd5 8. Bb5+ Nbd7 9. Nxd5 Bd6 10. dxc5 Bxc5 11. Nxf6+ Qxf6 12. Bd2 O-O 13. Bc3 Qe7 14. O-O Be4 15. Rfd1 Rad8 16. Be2 Bd6 17. Qa4 Nc5 18. Qc4 Rd7 19. Rd4 Rc7 20. Rxd6 Bxf3 21. Qd4 Ne6 22. Rxe6 fxe6 23. Bxf3 Rd7 24. Qg4 Rf5 25. h4 Rf8 26. Bb4 1-0

[Event "Sparkassen-Open A"]
[Site "Heusenstamm, Martinsee"]
[Date "2023.11.23"]
[Round "1.30"]
[White "Cors, Heinz-Friedrich"]
[Black "Heimrath, Reiner"]
[Result "0-1"]
[WhiteElo "1841"]
[BlackElo "2155"]
[PlyCount "93"]
[EventDate "2023.??.??"]
[WhiteTeam "Schachforum Darmstadt 1994"]
[BlackTeam "SC Noris-Tarrasch Nürnberg 1873"]

1. c4 Nf6 2. Nc3 g6 3. g3 Bg7 4. Bg2 e5 5. e4 d6 6. Nge2 h5 7. h4 c6 8. d3 Be6 9. Bg5 Na6 10. O-O Qd7 11. b3 Bh3 12. Rc1 Bxg2 13. Kxg2 Nc5 14. f3 Ne6 15. Be3 d5 16. cxd5 cxd5 17. Nxd5 Nxd5 18. exd5 Nc7 19. Nc3 Nxd5 20. Nxd5 Qxd5 21. Qc2 O-O 22. Qc4 Rfd8 23. Rfd1 Qa5 24. b4 Qd5 25. Qxd5 Rxd5 26. Kf2 Bf8 27. Bc5 a5 28. Bxf8 Kxf8 29. Rc5 Rxc5 30. bxc5 Rc8 31. Rb1 Rxc5 32. Rxb7 Rc2+ 33. Ke3 Rxa2 34. Rb5 Ra1 35. f4 exf4+ 36. Kxf4 a4 37. Ra5 a3 38. Ke4 a2 39. Kd4 Ke7 40. Kc3 Ke6 41. Ra3 Rc1+ 42. Kb2 Rg1 43. Kxa2 Rxg3 44. Kb2 Rg4 45. Kc3 Rxh4 46. Ra5 Rh1 47. Kd4 0-1

[Event "Sparkassen-Open A"]
[Site "Heusenstamm, Martinsee"]
[Date "2023.11.23"]
[Round "1.31"]
[White "Wolf, Dr. Ulrich Martin"]
[Black "Armbrust, Matthias"]
[Result "1-0"]
[WhiteElo "2203"]
[BlackElo "1838"]
[PlyCount "77"]
[EventDate "2023.??.??"]
[WhiteTeam "SK Bad Homburg 1927"]
[BlackTeam "Mainz"]

1. d4 g6 2. Nf3 Bg7 3. c3 d6 4. e4 Nc6 5. Qc2 e5 6. dxe5 dxe5 7. b3 Nge7 8. Nbd2 O-O 9. a4 h6 10. Ba3 Be6 11. Rd1 Qe8 12. Bc4 Bxc4 13. Nxc4 f6 14. O-O Rf7 15. Rd2 Rd8 16. Rfd1 Nc8 17. Rxd8 Nxd8 18. Qd2 Ne6 19. Qd5 c6 20. Qd2 Bf8 21. b4 Kh7 22. Bc1 Bg7 23. g3 Bf8 24. Qd3 Nb6 25. Nxb6 axb6 26. Be3 c5 27. b5 Rc7 28. Qd5 Rf7 29. Ne1 Rc7 30. Nc2 Qf7 31. Na3 Rc8 32. Qd7 Qxd7 33. Rxd7+ Kg8 34. Nc4 Rb8 35. Nxb6 f5 36. Nd5 Bg7 37. exf5 gxf5 38. Ne7+ Kh7 39. Nxf5 1-0

[Event "Sparkassen-Open A"]
[Site "Heusenstamm, Martinsee"]
[Date "2023.11.23"]
[Round "1.32"]
[White "Prill, Gerhard"]
[Black "Ngo, Quang Thai"]
[Result "0-1"]
[WhiteElo "1835"]
[BlackElo "2080"]
[PlyCount "46"]
[EventDate "2023.??.??"]
[WhiteTeam "SC Heitersheim"]
[BlackTeam "Aachener SV 1856 e. V."]

1. e4 c5 2. Nf3 e6 3. c4 Nc6 4. Nc3 Nd4 5. Be2 Ne7 6. d3 Nec6 7. O-O Be7 8. Ne1 a6 9. f4 b5 10. e5 d5 11. cxd5 exd5 12. Bf3 Be6 13. g3 Qd7 14. Bg2 O-O 15. Qd2 f6 16. exf6 Bxf6 17. Nd1 Rfe8 18. Ne3 Nf5 19. N3c2 d4 20. Kh1 Bd5 21. Qf2 Re6 22. Nf3 Rae8 23. Ng1 Ne3 0-1

[Event "Sparkassen-Open A"]
[Site "Heusenstamm, Martinsee"]
[Date "2023.11.23"]
[Round "1.33"]
[White "Siegert, Gregor"]
[Black "Held, Costa"]
[Result "1-0"]
[WhiteElo "2109"]
[BlackElo "1699"]
[PlyCount "75"]
[EventDate "2023.??.??"]
[WhiteTeam "Schachforum Darmstadt 1994"]
[BlackTeam "SC Frankfurt-West"]

1. e4 e6 2. d4 d5 3. e5 c5 4. c3 Nc6 5. Nf3 Qb6 6. a3 Nge7 7. Bd3 Bd7 8. Bc2 Rc8 9. O-O g6 10. dxc5 Qxc5 11. b4 Qb6 12. Be3 Qc7 13. Bc5 Ng8 14. Bxf8 Kxf8 15. Re1 Nge7 16. Qd2 a6 17. Qh6+ Kg8 18. Nbd2 Na7 19. c4 Qd8 20. Rac1 dxc4 21. Ne4 Nd5 22. Nd6 Rc7 23. Ng5 Bc6 24. Rcd1 Qf8 25. Qh4 Nb5 26. Nxc4 Qe7 27. Qg3 Kg7 28. Nd6 Rf8 29. a4 Nbc3 30. Rd4 h6 31. Ngxf7 Rxf7 32. Bxg6 Qg5 33. Bxf7 Qxg3 34. hxg3 Rxf7 35. Nxf7 Kxf7 36. a5 Bb5 37. Kh2 Kg6 38. Kh3 1-0

[Event "Sparkassen-Open A"]
[Site "Heusenstamm, Martinsee"]
[Date "2023.11.23"]
[Round "1.34"]
[White "Nickel, Jonas"]
[Black "Sydykov, Bayastan"]
[Result "1/2-1/2"]
[WhiteElo "1810"]
[BlackElo "2142"]
[PlyCount "86"]
[EventDate "2023.??.??"]
[WhiteTeam "Schachdrachen Büdingen-Wächtersb"]
[BlackTeam "SK 1858 Gießen"]

1. e4 e6 2. d4 d5 3. Nc3 Nf6 4. Bg5 dxe4 5. Nxe4 Nbd7 6. Nf3 Be7 7. Nxf6+ Nxf6 8. Bd3 O-O 9. O-O h6 10. Bxf6 Bxf6 11. Qe2 g6 12. Qe4 Qd6 13. c3 c5 14. dxc5 Qxc5 15. Qf4 Bg7 16. Rad1 e5 17. Qc4 Qb6 18. Qb5 Qxb5 19. Bxb5 Be6 20. Rfe1 f6 21. Bd3 Kf7 22. Bc2 Rad8 23. Bb3 Bxb3 24. axb3 f5 25. Kf1 Rxd1 26. Rxd1 Ke6 27. Ke2 g5 28. Nd2 Rc8 29. Nc4 Bf8 30. Ra1 a6 31. Ra5 Bc5 32. Ke1 Rc6 33. Ke2 b5 34. Nd2 e4 35. b4 Be7 36. Nb3 Ke5 37. Nc5 Bxc5 38. bxc5 f4 39. Ra1 h5 40. b4 g4 41. Rd1 f3+ 42. gxf3 exf3+ 43. Ke3 h4 1/2-1/2

[Event "Sparkassen-Open A"]
[Site "Heusenstamm, Martinsee"]
[Date "2023.11.23"]
[Round "1.35"]
[White "Hoppstädter, Daniel"]
[Black "Fröhlich-Dill, Astrid"]
[Result "1-0"]
[WhiteElo "2186"]
[BlackElo "1796"]
[PlyCount "55"]
[EventDate "2023.??.??"]
[WhiteTeam "Lasker Kirkel"]
[BlackTeam "SV 1920 Hofheim"]

1. d4 Nf6 2. Bg5 e6 3. Nf3 d5 4. e3 Be7 5. Nbd2 O-O 6. Bd3 h6 7. Bh4 c5 8. c3 b6 9. Ne5 Bb7 10. Bxf6 Bxf6 11. f4 Nc6 12. O-O Nxe5 13. fxe5 Bg5 14. Qe2 a5 15. Nf3 Be7 16. Rad1 Qc8 17. Bb1 g6 18. Ne1 Ba6 19. Nd3 Ra7 20. Qg4 Bg5 21. Rf3 Qd8 22. Rdf1 h5 23. Qh3 Kg7 24. R1f2 Qe8 25. Rg3 Qe7 26. Nf4 Bh4 27. Nxh5+ Kg8 28. Nf6+ 1-0

[Event "Sparkassen-Open A"]
[Site "Heusenstamm, Martinsee"]
[Date "2023.11.23"]
[Round "1.36"]
[White "Klein, Levent"]
[Black "Iolis, Oleg"]
[Result "1/2-1/2"]
[WhiteElo "1607"]
[BlackElo "2183"]
[PlyCount "107"]
[EventDate "2023.??.??"]
[WhiteTeam "SG Kaiserslautern 1905"]
[BlackTeam "Wavre"]

1. d4 Nf6 2. c4 g6 3. Nc3 d5 4. cxd5 Nxd5 5. e4 Nxc3 6. bxc3 Bg7 7. Be3 c5 8. Bb5+ Nc6 9. Bxc6+ bxc6 10. Ne2 O-O 11. O-O cxd4 12. cxd4 c5 13. Rc1 cxd4 14. Nxd4 Bb7 15. f3 Qa5 16. Rf2 Rac8 17. Nb3 Qa4 18. Nc5 Qxd1+ 19. Rxd1 Bc6 20. Rfd2 Rfe8 21. a4 a5 22. Bd4 Bh6 23. Rd3 Red8 24. Bf2 Rxd3 25. Rxd3 Be8 26. g3 Bg7 27. Rb3 Be5 28. f4 Bd6 29. Rc3 f6 30. Bd4 e5 31. fxe5 Bxe5 32. Bxe5 fxe5 33. Kf2 Rb8 34. Rb3 Rc8 35. Rc3 Kf7 36. Ke3 Ke7 37. Kd2 Rb8 38. Rb3 Rb4 39. Rxb4 axb4 40. Na6 b3 41. Kc3 Bxa4 42. Nc5 b2 43. Kxb2 Bc6 44. Kc3 Kf6 45. Kd3 Kg5 46. Ke3 h5 47. Nd3 Kf6 48. Nf2 Bb5 49. h4 g5 50. Nh3 gxh4 51. gxh4 Ke7 52. Ng5 Bc4 53. Nf3 Kd6 54. Ng5 1/2-1/2

[Event "Sparkassen-Open A"]
[Site "Heusenstamm, Martinsee"]
[Date "2023.11.23"]
[Round "1.37"]
[White "Foerster-Yialamas, Lucas"]
[Black "Benninger, Rudolf"]
[Result "1-0"]
[WhiteElo "2175"]
[BlackElo "1987"]
[PlyCount "75"]
[EventDate "2023.??.??"]
[WhiteTeam "Sabt Frankfurter TV 1860"]
[BlackTeam "SC Heusenstamm"]

1. e4 g6 2. d4 Bg7 3. Nc3 c5 4. Be3 Qa5 5. Qd2 Nf6 6. e5 cxd4 7. Bxd4 Ng4 8. e6 O-O 9. Bxg7 Kxg7 10. h3 Nf6 11. exf7 d5 12. Nf3 Nc6 13. O-O-O e5 14. a3 d4 15. Nb5 Qxd2+ 16. Rxd2 Rxf7 17. Ng5 Re7 18. Nd6 h6 19. Nge4 Be6 20. Bd3 Nxe4 21. Nxe4 Rc8 22. Re1 Na5 23. Kb1 Bc4 24. Nd6 Rc6 25. Nxc4 Nxc4 26. Bxc4 Rxc4 27. f4 e4 28. b3 e3 29. Rd3 Rc3 30. Rxd4 Rec7 31. Re2 Re7 32. Rd3 Rxd3 33. cxd3 Kf6 34. g4 Re6 35. Kc2 Ke7 36. Kc3 Kd6 37. Kd4 Rf6 38. Kxe3 1-0

[Event "Sparkassen-Open A"]
[Site "Heusenstamm, Martinsee"]
[Date "2023.11.23"]
[Round "1.38"]
[White "Motzer, Marc"]
[Black "Seidel, Andre"]
[Result "0-1"]
[WhiteElo "1725"]
[BlackElo "2181"]
[PlyCount "84"]
[EventDate "2023.??.??"]
[WhiteTeam "SC Bad Dürkheim-Wachenheim"]
[BlackTeam "SV Oberursel"]

1. e4 e6 2. d4 d5 3. e5 c5 4. c3 Nc6 5. Nf3 Qb6 6. Bd3 cxd4 7. O-O Bd7 8. Re1 Nge7 9. h4 a6 10. Nbd2 h6 11. c4 Nb4 12. Bb1 d3 13. a3 Nc2 14. Bxc2 dxc2 15. Qxc2 Rc8 16. Qd3 Qc7 17. b3 b5 18. cxd5 Nxd5 19. Ne4 Be7 20. Bb2 Qc2 21. Qxc2 Rxc2 22. Bd4 O-O 23. b4 Ra8 24. Bc5 Bd8 25. Nd4 Rb2 26. Nf3 a5 27. Bd4 Rc2 28. Bc5 axb4 29. axb4 Raa2 30. g3 Bc7 31. Rxa2 Rxa2 32. Rd1 Ra3 33. Kg2 Bc6 34. Nd4 Nc3 35. Nxc6 Nxd1 36. Nd6 Nc3 37. Nd4 Ra6 38. f4 Bb6 39. Kf3 Bxc5 40. bxc5 b4 41. c6 Nd5 42. N4b5 Rxc6 0-1

[Event "Sparkassen-Open A"]
[Site "Heusenstamm, Martinsee"]
[Date "2023.11.23"]
[Round "1.39"]
[White "Papadopoulos, Ioannis"]
[Black "Rödel, Jannis"]
[Result "1-0"]
[WhiteElo "2142"]
[BlackElo "1773"]
[PlyCount "47"]
[EventDate "2023.??.??"]
[WhiteTeam "SV Oberursel"]
[BlackTeam "SVG CAISSA Kassel"]

1. e4 e5 2. Nf3 Nc6 3. Bc4 Bc5 4. O-O Nf6 5. d4 Bxd4 6. Nxd4 Nxd4 7. f4 d6 8. fxe5 dxe5 9. Bg5 Be6 10. Na3 Qe7 11. c3 Nc6 12. Kh1 h6 13. Bxf6 gxf6 14. Bxe6 fxe6 15. Qd3 Rg8 16. Rf2 Nd8 17. Raf1 Qg7 18. Qb5+ c6 19. Qe2 Qg5 20. Rxf6 Ke7 21. Qf2 b6 22. Nc4 Rc8 23. Rf7+ Ke8 24. Nd6# 1-0

[Event "Sparkassen-Open A"]
[Site "Heusenstamm, Martinsee"]
[Date "2023.11.23"]
[Round "1.40"]
[White "Van Den Hoff, Damian"]
[Black "Henrich, Thomas"]
[Result "0-1"]
[WhiteElo "1825"]
[BlackElo "2132"]
[PlyCount "68"]
[EventDate "2023.??.??"]
[WhiteTeam "Rotterdam"]
[BlackTeam "SK Marburg 1931/72"]

1. e4 c5 2. Nf3 d6 3. c3 Nf6 4. Be2 Nbd7 5. d3 g6 6. h3 Bg7 7. Nbd2 O-O 8. d4 Qc7 9. O-O Rb8 10. a4 b6 11. Re1 cxd4 12. cxd4 Bb7 13. Bd3 e5 14. d5 Nc5 15. Bf1 a5 16. Ra3 Ba6 17. Bxa6 Nxa6 18. Nf1 Nc5 19. Ng3 b5 20. axb5 Rxb5 21. Bd2 Rfb8 22. Bc3 Bh6 23. Nd2 Bf4 24. Qf3 Kg7 25. Rea1 a4 26. Rd1 Qa7 27. b4 Bxg3 28. bxc5 Qxc5 29. Qxg3 Qxa3 30. Ra1 Qc5 31. Rxa4 Qc7 32. f4 Nh5 33. fxe5 Nxg3 34. exd6+ Qxc3 0-1

[Event "Sparkassen-Open A"]
[Site "Heusenstamm, Martinsee"]
[Date "2023.11.23"]
[Round "1.41"]
[White "Wiley, Tom E"]
[Black "Stehning, Ralf"]
[Result "1-0"]
[WhiteElo "2152"]
[BlackElo "1824"]
[PlyCount "67"]
[EventDate "2023.??.??"]
[WhiteTeam "Kraainem Belgium"]
[BlackTeam "SF Braunfels"]

1. d4 d5 2. c4 e6 3. Nc3 c5 4. cxd5 exd5 5. Nf3 Nc6 6. dxc5 d4 7. Na4 b5 8. cxb6 axb6 9. e3 Bb4+ 10. Bd2 dxe3 11. Bxb4 exf2+ 12. Kxf2 Qxd1 13. Rxd1 Rxa4 14. Bc3 Nge7 15. Bb5 Rxa2 16. Ne5 Bb7 17. Rd6 O-O 18. Nxc6 Nf5 19. Rd3 Rc8 20. Rhd1 Raa8 21. Rd8+ Rxd8 22. Rxd8+ Rxd8 23. Nxd8 Bd5 24. Bc6 Bc4 25. Nb7 h5 26. Be4 Ne7 27. Nd6 Bd5 28. Bd3 Bc6 29. Nf5 Nxf5 30. Bxf5 g6 31. Bc8 Bd5 32. g3 Kf8 33. Bf6 b5 34. b4 1-0

[Event "Sparkassen-Open A"]
[Site "Heusenstamm, Martinsee"]
[Date "2023.11.23"]
[Round "1.42"]
[White "Peter, Laurenz"]
[Black "Hilzinger, Markus"]
[Result "0-1"]
[WhiteElo "1810"]
[BlackElo "2132"]
[PlyCount "68"]
[EventDate "2023.??.??"]
[WhiteTeam "Sportgemeinschaft Kaarst 1912/35"]
[BlackTeam "SC Pforzheim 1906"]

1. d4 Nf6 2. c4 g6 3. Nc3 Bg7 4. e4 d6 5. f4 O-O 6. Nf3 c5 7. d5 e6 8. Be2 exd5 9. cxd5 b5 10. e5 dxe5 11. fxe5 Ng4 12. Bxb5 Nxe5 13. O-O Nbd7 14. Bf4 Bb7 15. Qd2 Nxf3+ 16. Rxf3 Ne5 17. Rh3 Ng4 18. Bc4 Bd4+ 19. Kf1 Qd7 20. Rd3 Qf5 21. Rf3 Rfe8 22. Re1 Qd7 23. h3 Ne5 24. Bxe5 Rxe5 25. Ne4 Rf5 26. Qd3 Rd8 27. Rd1 Kg7 28. Bb5 Rxf3+ 29. gxf3 Qxh3+ 30. Ke1 Bxd5 31. b3 f5 32. Nxc5 Qh4+ 33. Ke2 Qh2+ 34. Ke1 Qf2# 0-1

[Event "Sparkassen-Open A"]
[Site "Heusenstamm, Martinsee"]
[Date "2023.11.23"]
[Round "1.43"]
[White "Poysti, Nathanael"]
[Black "Senatov, Boris"]
[Result "1-0"]
[WhiteElo "2142"]
[BlackElo "1822"]
[PlyCount "67"]
[EventDate "2023.??.??"]
[BlackTeam "SC Heusenstamm"]

1. c4 e5 2. Nc3 Nf6 3. Nf3 Nc6 4. e4 Bc5 5. Nxe5 Nxe5 6. d4 Bb4 7. dxe5 Nxe4 8. Qf3 Nxc3 9. bxc3 Ba5 10. Ba3 Qg5 11. h4 Qh6 12. Rd1 d6 13. exd6 O-O 14. Rd5 Re8+ 15. Kd1 Bb6 16. d7 Bxd7 17. Rxd7 Qe6 18. Rd2 Qe1+ 19. Kc2 Rad8 20. Qd1 Rxd2+ 21. Qxd2 Bxf2 22. Qxe1 Rxe1 23. h5 f5 24. Bc1 Bg3 25. Bd2 Ra1 26. Bc1 Rxa2+ 27. Bb2 Ra5 28. Be2 Re5 29. Bf3 b6 30. Rd1 Re8 31. Rd7 Bd6 32. Bd5+ Kh8 33. c5 Bxc5 34. c4 1-0

[Event "Sparkassen-Open A"]
[Site "Heusenstamm, Martinsee"]
[Date "2023.11.23"]
[Round "1.44"]
[White "Auge, Hendrik"]
[Black "Klaska, Philipp Leon"]
[Result "0-1"]
[WhiteElo "1820"]
[BlackElo "2111"]
[PlyCount "86"]
[EventDate "2023.??.??"]
[WhiteTeam "FC Bayern München e.V."]
[BlackTeam "Düsseldorfer SK 14/25 e."]

1. e4 c5 2. Nf3 Nc6 3. Bb5 g6 4. c3 Nf6 5. Qe2 Bg7 6. O-O O-O 7. d4 cxd4 8. cxd4 d5 9. e5 Ne4 10. Nbd2 Bf5 11. Bxc6 bxc6 12. Nh4 Be6 13. Rd1 Qb6 14. Nhf3 Rfd8 15. Nb3 a5 16. Ng5 a4 17. Nc5 Nxc5 18. dxc5 Qc7 19. Nxe6 fxe6 20. Bf4 Rf8 21. Bg3 Rf5 22. Re1 Ra5 23. Rac1 Rb5 24. Rc2 Bh6 25. Qd3 Qa5 26. Qd1 Qb4 27. Kf1 Bf4 28. Qd3 Rxc5 29. Rxc5 Qxc5 30. Bxf4 Rxf4 31. Qe3 Qc4+ 32. Qe2 Qxa2 33. Qa6 Qc4+ 34. Qxc4 Rxc4 35. Ra1 Rb4 36. Ke1 c5 37. Ra2 Kf7 38. Kd2 g5 39. Kc2 Kg6 40. Ra3 Kf5 41. Rc3 Kxe5 42. Rxc5 Rf4 43. f3 g4 0-1

[Event "Sparkassen-Open A"]
[Site "Heusenstamm, Martinsee"]
[Date "2023.11.23"]
[Round "1.45"]
[White "Steadman, Michael V R"]
[Black "Meyer-Jany, Marcel"]
[Result "1/2-1/2"]
[WhiteElo "2127"]
[BlackElo "1778"]
[PlyCount "80"]
[EventDate "2023.??.??"]
[WhiteTeam "Auckland Chess Centre"]
[BlackTeam "SK Herborn 1946"]

1. b4 a5 2. b5 d5 3. Bb2 Bf5 4. Nf3 e6 5. d3 Nf6 6. Nbd2 Bg6 7. e3 Bd6 8. Be2 h6 9. Ne5 Bh7 10. O-O O-O 11. c4 c6 12. a4 Nbd7 13. f4 cxb5 14. axb5 Qe7 15. Rf3 Bb4 16. Rg3 Nxe5 17. fxe5 Nd7 18. cxd5 exd5 19. Nf3 Bg6 20. Qb3 Qc5 21. d4 Qc2 22. Qxc2 Bxc2 23. Ne1 Rac8 24. Bg4 Rfd8 25. e6 fxe6 26. Bxe6+ Kh8 27. Bxd5 b6 28. Bc6 Bh7 29. e4 Nf6 30. Re3 Bxe4 31. Bxe4 Re8 32. Nd3 Rxe4 33. Rxe4 Nxe4 34. Nxb4 axb4 35. Re1 Nd6 36. Re6 Rd8 37. Re3 Nc4 38. Rb3 Nxb2 39. Rxb2 Rxd4 40. Kf2 Kg8 1/2-1/2

[Event "Sparkassen-Open A"]
[Site "Heusenstamm, Martinsee"]
[Date "2023.11.23"]
[Round "1.46"]
[White "Peschel, Julia"]
[Black "Schmidt, Markus"]
[Result "0-1"]
[WhiteElo "1591"]
[BlackElo "2116"]
[PlyCount "100"]
[EventDate "2023.??.??"]
[WhiteTeam "Biebertaler SF"]
[BlackTeam "SK Niederbrechen 1948"]

1. e4 c6 2. c4 d5 3. exd5 cxd5 4. cxd5 Nf6 5. Nc3 Nxd5 6. Bc4 Nb6 7. Bb3 Nc6 8. Nf3 Bf5 9. d4 e6 10. O-O Be7 11. d5 exd5 12. Nxd5 Nxd5 13. Bxd5 O-O 14. Bf4 Bf6 15. Bxc6 bxc6 16. Be5 Be4 17. Qxd8 Bxd8 18. Nd2 Bd5 19. b3 Re8 20. Bc3 Bb6 21. Rfe1 f6 22. Rac1 Kf7 23. Kf1 g5 24. Bb4 Rxe1+ 25. Rxe1 a5 26. Bc3 a4 27. Ne4 Bd8 28. Nd6+ Kg6 29. Re8 axb3 30. axb3 c5 31. Ne4 Bc6 32. Re6 Bb5+ 33. Ke1 Kf5 34. Nxc5 Rc8 35. Rd6 Be7 36. Rd5+ Kg6 37. Bb4 Bc6 38. Rd4 Bxg2 39. Nd3 Bxb4+ 40. Rxb4 h5 41. Rb6 Be4 42. Ne5+ Kf5 43. Nd7 Rc6 44. Rb8 Kf4 45. Rf8 f5 46. b4 Rc1+ 47. Ke2 Rc2+ 48. Ke1 Rc1+ 49. Ke2 Bf3+ 50. Kd3 Rd1+ 0-1

[Event "Sparkassen-Open A"]
[Site "Heusenstamm, Martinsee"]
[Date "2023.11.23"]
[Round "1.47"]
[White "Stümer, Paul"]
[Black "Dorfner, Jeremias"]
[Result "0-1"]
[WhiteElo "2115"]
[BlackElo "1712"]
[PlyCount "142"]
[EventDate "2023.??.??"]
[WhiteTeam "SV Bergneustadt/Dersch"]
[BlackTeam "TV-Großostheim 1900 e.V."]

1. Nf3 Nf6 2. d4 g6 3. c4 Bg7 4. Nc3 d6 5. e3 O-O 6. Be2 Nbd7 7. O-O c6 8. Qc2 e5 9. Rd1 Qc7 10. b4 exd4 11. exd4 d5 12. cxd5 cxd5 13. Qb3 Nb6 14. Bg5 Be6 15. Rac1 Qe7 16. Ne5 Rac8 17. f3 h6 18. Bh4 g5 19. Bf2 Nh5 20. Qb1 Nf4 21. Bf1 Nd7 22. Re1 a6 23. Nd3 Nxd3 24. Bxd3 Nb6 25. Bf5 Bxf5 26. Qxf5 Qf6 27. Nxd5 Qxf5 28. Ne7+ Kh7 29. Nxf5 Bf6 30. Nd6 Rb8 31. a3 Nd5 32. g3 b6 33. Rc6 Kg8 34. Kg2 Rfd8 35. Nc4 Rdc8 36. Ne5 Rxc6 37. Nxc6 Rc8 38. Ne5 Rc2 39. Kf1 Ra2 40. Nd7 Rxa3 41. Rc1 Rxf3 42. Ke2 Rb3 43. Rc6 Be7 44. Nxb6 Rb2+ 45. Kf1 Nxb4 46. Rc8+ Kg7 47. d5 Kg6 48. h3 Rb3 49. Kg2 Rd3 50. Rg8+ Kh7 51. Ra8 Nxd5 52. Rxa6 Nxb6 53. Rxb6 Kg7 54. Rc6 Bf6 55. Kf1 Rb3 56. Ke2 Be5 57. Be3 Bxg3 58. Bd4+ Kh7 59. Rf6 Rb7 60. Kf3 Be1 61. Ke4 Bb4 62. Rc6 Bf8 63. Be3 Bg7 64. Kf3 Rb5 65. Rc7 Kg6 66. Rc6+ f6 67. Bd4 Rb3+ 68. Kg2 h5 69. Rc7 g4 70. hxg4 hxg4 71. Ra7 Bh6 0-1

[Event "Sparkassen-Open A"]
[Site "Heusenstamm, Martinsee"]
[Date "2023.11.23"]
[Round "1.48"]
[White "Bahlo, Jens"]
[Black "Perske, Paul"]
[Result "0-1"]
[WhiteElo "1795"]
[BlackElo "2068"]
[PlyCount "56"]
[EventDate "2023.??.??"]
[WhiteTeam "SK 1858 Gießen"]
[BlackTeam "Sfr.Heidesheim"]

1. e4 e5 2. d4 exd4 3. Qxd4 Nc6 4. Qe3 Nf6 5. Bd2 Bb4 6. a3 Bxd2+ 7. Nxd2 O-O 8. O-O-O Re8 9. f3 d5 10. Qg5 Qe7 11. exd5 h6 12. Qh4 Nxd5 13. Qxe7 Rxe7 14. Nc4 Be6 15. g3 b5 16. Nd2 Ne3 17. Re1 Nxf1 18. Rxf1 Rae8 19. Rd1 Bf5 20. g4 Bh7 21. Nb3 Re3 22. h4 Ne5 23. Rh2 Nc4 24. f4 Re1 25. Nf3 Rxd1+ 26. Kxd1 Nxb2+ 27. Kd2 Nc4+ 28. Kc3 Re3+ 0-1

[Event "Sparkassen-Open A"]
[Site "Heusenstamm, Martinsee"]
[Date "2023.11.23"]
[Round "1.49"]
[White "Reschke, Thomas"]
[Black "Diehl, Stefan"]
[Result "1-0"]
[WhiteElo "2108"]
[BlackElo "1789"]
[PlyCount "91"]
[EventDate "2023.??.??"]
[WhiteTeam "SC Frankfurt-West"]
[BlackTeam "SC 1910 Höchst"]

1. c4 f5 2. g3 Nf6 3. Bg2 e6 4. Nf3 c6 5. O-O d5 6. b3 Bd6 7. Bb2 O-O 8. d3 Qe7 9. Nbd2 e5 10. cxd5 cxd5 11. e4 dxe4 12. dxe4 fxe4 13. Nxe4 Nxe4 14. Qd5+ Kh8 15. Qxe4 Nc6 16. Nh4 Be6 17. Rad1 Rad8 18. Qe2 Qf7 19. h3 Be7 20. Nf3 Rxd1 21. Rxd1 Bxh3 22. Bxh3 Qxf3 23. Qxf3 Rxf3 24. Bg2 Rf8 25. Bxc6 bxc6 26. Bxe5 Bc5 27. Bd4 Bb6 28. Bxb6 axb6 29. Rd6 Rc8 30. a4 Kg8 31. Rd7 Rb8 32. Rc7 c5 33. Kf1 h6 34. Ke2 Re8+ 35. Kd3 Rd8+ 36. Kc3 Rd6 37. Kc4 Rd4+ 38. Kc3 Rd6 39. a5 bxa5 40. Rxc5 Ra6 41. Kc4 Rf6 42. Rxa5 Rxf2 43. b4 Rf3 44. b5 Rf5 45. Ra8+ Kh7 46. b6 1-0

[Event "Sparkassen-Open A"]
[Site "Heusenstamm, Martinsee"]
[Date "2023.11.23"]
[Round "1.50"]
[White "Mehlen, Theodor"]
[Black "Rempe, Jonas"]
[Result "0-1"]
[WhiteElo "1808"]
[BlackElo "2106"]
[PlyCount "112"]
[EventDate "2023.??.??"]
[WhiteTeam "SC Matt im Park Ffm"]
[BlackTeam "SK Doppelbauer Kiel von 1910 e.V"]

1. e4 e5 2. Nf3 Nc6 3. Bc4 Nf6 4. d3 Be7 5. O-O O-O 6. c3 d6 7. Re1 Na5 8. Bb5 a6 9. Ba4 b5 10. Bc2 c5 11. Nbd2 Nc6 12. Nf1 h6 13. Ne3 Be6 14. Bb3 Re8 15. Bd5 Rc8 16. a4 Bf8 17. axb5 axb5 18. Bd2 Bxd5 19. exd5 Ne7 20. c4 b4 21. Nh4 Kh7 22. Nhf5 g6 23. Ng3 Bg7 24. Qf3 Rf8 25. h4 Qd7 26. Ra6 Nfg8 27. h5 g5 28. Nef5 Nxf5 29. Qxf5+ Qxf5 30. Nxf5 Ra8 31. Rea1 Rxa6 32. Rxa6 Nf6 33. Nxd6 Nxh5 34. g3 f5 35. Nb7 e4 36. Nxc5 Bxb2 37. Bxb4 Rb8 38. Bd2 Nxg3 39. dxe4 Bd4 40. Be3 Bxc5 41. Bxc5 Nxe4 42. Bd4 Nd2 43. Ra7+ Kg6 44. Rg7+ Kh5 45. Ba7 Rb1+ 46. Kg2 Nxc4 47. Rc7 Ne5 48. Bd4 Ng6 49. d6 Nh4+ 50. Kh2 Kg4 51. Rc3 Rd1 52. d7 Rxd4 53. Rc4 Nf3+ 54. Kg2 Rxc4 55. d8=Q Rc1 56. Qd7 Rg1# 0-1

[Event "Sparkassen-Open A"]
[Site "Heusenstamm, Martinsee"]
[Date "2023.11.23"]
[Round "1.51"]
[White "Lutze, Max"]
[Black "Werner, Rosalie"]
[Result "1/2-1/2"]
[WhiteElo "2076"]
[BlackElo "1687"]
[PlyCount "77"]
[EventDate "2023.??.??"]
[WhiteTeam "Märkischer Springer Halver-Schal"]
[BlackTeam "VSG 1880 Offenbach"]

1. e4 e6 2. Nf3 d5 3. Nc3 Nf6 4. e5 Nfd7 5. d4 c5 6. dxc5 Bxc5 7. Bd3 Nc6 8. Bf4 a6 9. a3 f6 10. exf6 Nxf6 11. O-O O-O 12. Qe2 Bd6 13. Bxd6 Qxd6 14. Rfe1 Bd7 15. Ne5 Rae8 16. h3 Nxe5 17. Qxe5 Qb6 18. Ne2 Ne4 19. Bxe4 Qxf2+ 20. Kh1 dxe4 21. Nd4 Qf6 22. Rxe4 Qxe5 23. Rxe5 Rf4 24. Rd1 Bc8 25. Kg1 Rd8 26. c3 Rf5 27. Rxf5 exf5 28. Re1 Kf7 29. Kf2 g6 30. Kf3 h6 31. Re5 Rd6 32. Rc5 Be6 33. g3 Kf6 34. g4 Bd5+ 35. Kg3 fxg4 36. hxg4 Bc6 37. Kf4 Rd5 38. Rc4 Rd6 39. Rc5 1/2-1/2

[Event "Sparkassen-Open A"]
[Site "Heusenstamm, Martinsee"]
[Date "2023.11.23"]
[Round "1.52"]
[White "Peri, Jean-Christophe"]
[Black "Villwock, Martin"]
[Result "0-1"]
[WhiteElo "1667"]
[BlackElo "2073"]
[PlyCount "79"]
[EventDate "2023.??.??"]
[WhiteTeam "SK Herborn 1946"]
[BlackTeam "SF Essen-Katernberg 0"]

1. d4 d5 2. c4 c6 3. Nf3 Nf6 4. Nc3 e6 5. e3 Nbd7 6. Bd3 dxc4 7. Bxc4 b5 8. Bd3 Bb7 9. Qe2 a6 10. e4 b4 11. Nd1 c5 12. e5 Nd5 13. O-O Qb6 14. Ng5 cxd4 15. f4 g6 16. Kh1 Be7 17. Ne4 Rc8 18. Ndf2 Rxc1 19. Raxc1 Nxf4 20. Qd2 Nxd3 21. Nxd3 Bxe4 22. Rc8+ Bd8 23. Qf4 Bf5 24. Nf2 O-O 25. Rd1 Qb7 26. Rc4 Bb6 27. Rxb4 Qd5 28. Nd3 Be4 29. Qg3 Rc8 30. Nf2 Rc2 31. Nxe4 Qxe4 32. Qg5 Re2 33. Qg3 Qc2 34. Rf1 Bc5 35. Rb7 Nxe5 36. Qf4 Qe4 37. Rb8+ Bf8 38. Qg3 d3 39. Rd8 d2 40. Rg1 0-1

[Event "Sparkassen-Open A"]
[Site "Heusenstamm, Martinsee"]
[Date "2023.11.23"]
[Round "1.53"]
[White "Baranyai-Molnar, Adam-Kristof"]
[Black "Woods, Yannick"]
[Result "1-0"]
[WhiteElo "1948"]
[BlackElo "1801"]
[PlyCount "45"]
[EventDate "2023.??.??"]
[WhiteTeam "SF Neuberg"]
[BlackTeam "Sligo Chess Club"]

1. e4 e5 2. f4 d5 3. exd5 exf4 4. Nf3 Nf6 5. c4 c6 6. d4 cxd5 7. c5 Nc6 8. Bb5 a6 9. Bxc6+ bxc6 10. O-O Be7 11. Ne5 Bb7 12. Bxf4 Ne4 13. Nxf7 Qd7 14. Nxh8 Bf6 15. Nc3 Nxc3 16. bxc3 O-O-O 17. Rb1 Rxh8 18. Rf2 Kd8 19. Qb3 Bc8 20. Re2 Qa7 21. Bb8 Qb7 22. Qxb7 Bxb7 23. Reb2 1-0

[Event "Sparkassen-Open A"]
[Site "Heusenstamm, Martinsee"]
[Date "2023.11.23"]
[Round "1.54"]
[White "Werner, Florin"]
[Black "Burkart, Lloyd Shang"]
[Result "0-1"]
[WhiteElo "1666"]
[BlackElo "2094"]
[PlyCount "40"]
[EventDate "2023.??.??"]
[WhiteTeam "VSG 1880 Offenbach"]
[BlackTeam "SAbt TuS Makkabi Ffm"]

1. e4 c5 2. Nf3 d6 3. d4 cxd4 4. Nxd4 Nf6 5. Nc3 a6 6. Be2 e6 7. Be3 Qc7 8. O-O b5 9. a3 Bb7 10. f3 Be7 11. Re1 O-O 12. a4 b4 13. Na2 d5 14. exd5 Nxd5 15. Bf2 Nc6 16. Bc4 Nxd4 17. Bxd5 Bxd5 18. Bxd4 Bxa2 19. Rxa2 Rfd8 20. Qd2 Rxd4 0-1